| 000 | 00473nam a2200181Ia 4500 | ||
|---|---|---|---|
| 008 | 240925s9999 xx 000 0 und d | ||
| 020 | _a9788126552337 | ||
| 082 | _a629.8 GOL | ||
| 100 | _aGolnaraghi, Farid ; Kuo, Benjamin C. | ||
| 245 | 0 | _aAutomatic Control Systems | |
| 250 | _a9th | ||
| 260 |
_aNew Delhi: _bWiley _c,2010. |
||
| 300 |
_a422p. _b0 _fOriginal |
||
| 500 | _aIncludes Index | ||
| 600 | _aElectronic Engineering | ||
| 650 | _aTechnology | ||
| 942 | _cBK | ||
| 999 |
_c13798 _d13798 |
||